The concept of merit in Australia, China and Taiwan (Record no. 109242)

000 -LEADER
fixed length control field 03184pab a2200241 454500
008 - FIXED-LENGTH DATA ELEMENTS--GENERAL INFORMATION
fixed length control field 180718b2015 xxu||||| |||| 00| 0 eng d
100 ## - MAIN ENTRY--PERSONAL NAME
Personal name Podger, Andrew
245 ## - TITLE STATEMENT
Title The concept of merit in Australia, China and Taiwan
260 ## - PUBLICATION, DISTRIBUTION, ETC.
Date of publication, distribution, etc. 2015
300 ## - PHYSICAL DESCRIPTION
Extent p.257-269.
362 ## - DATES OF PUBLICATION AND/OR SEQUENTIAL DESIGNATION
Dates of publication and/or sequential designation Sep
520 ## - SUMMARY, ETC.
Summary, etc. The article provides an overview of an AJPA symposium on the application of the merit principle in China, Taiwan and Australia. Other symposium articles focus on China and Taiwan, while this overview also provides a description of the Australian approach. The article draws out the different approaches in the three countries relating these to each country's institutional arrangements and histories, and to its culture. It also identifies the different challenges each country faces as it looks to apply merit, and how these relate in particular to the role of government in each country, the relationship between politics and administration, and the country's culture.The article provides a description of Australian approaches to ムmeritメ and an overview of the other symposium articles on the application of merit in China and Taiwan. The term ムmeritメ is commonly used in Australia, China, and Taiwan as an important attribute of good government service, but it means different things in different countries, reflecting both different institutional arrangements and differences in culture. Australia's current application of the merit principle is described in some detail. The principle and its application have been subject to debate throughout the last century and continue today. The debates reflect social attitudes at the time and developments in the role of government and the skills government requires, and changes in the Australian labour market. Key debates include the role of women, treatment of ex-servicemen, importance of graduate recruitment, equal employment opportunity, and staff perceptions of fairness and the application of merit in employment decisions. China has a long tradition of autocracy and a long history of competitive examinations for joining government service. It faces the challenge of whether it is possible to embrace a merit principle where politics and administration are not distinguished. Merit is also applied within a culture that gives considerable emphasis to personal relations (guanxi). Taiwan also draws on China's long experience with examinations. A key challenge now is whether it gives too much emphasis to equality and fair access to public sector employment opportunities and too little to the skills and experience different government agencies require. These different approaches and different challenges reflect differences in the three countries relating in particular to the role of government, the relationship between politics and administration and culture. - Rep
650 ## - SUBJECT ADDED ENTRY--TOPICAL TERM
Topical term or geographic name entry element Merit - Taiwan
650 ## - SUBJECT ADDED ENTRY--TOPICAL TERM
Topical term or geographic name entry element Merit - China
650 ## - SUBJECT ADDED ENTRY--TOPICAL TERM
Topical term or geographic name entry element Merit - Australia
650 ## - SUBJECT ADDED ENTRY--TOPICAL TERM
Topical term or geographic name entry element Civil service - Taiwan
650 ## - SUBJECT ADDED ENTRY--TOPICAL TERM
Topical term or geographic name entry element Civil service - China
650 ## - SUBJECT ADDED ENTRY--TOPICAL TERM
Topical term or geographic name entry element Civil service - Australia
650 ## - SUBJECT ADDED ENTRY--TOPICAL TERM
Topical term or geographic name entry element Civil service
700 ## - ADDED ENTRY--PERSONAL NAME
Personal name Chan, Hon
773 ## - HOST ITEM ENTRY
Main entry heading Australian Journal of Public Administration
909 ## -
-- 109247
Holdings
Withdrawn status Lost status Damaged status Not for loan Permanent Location Current Location Date acquired Serial Enumeration / chronology Barcode Date last seen Price effective from Koha item type
        Indian Institute of Public Administration Indian Institute of Public Administration 2018-07-19 Volume no: 74, Issue no: 3 AR109707 2018-07-19 2018-07-19 Articles

Powered by Koha